| 000 | 00774cam a22002533a 4500 | ||
|---|---|---|---|
| 001 | 30349 | ||
| 003 | PGUSA | ||
| 005 | 20140828083645.0 | ||
| 008 | 091028s2009||||xxu|||||s|||||000 1 eng d | ||
| 040 |
_aPGUSA _beng |
||
| 042 | _adc | ||
| 050 | 4 | _aPS | |
| 100 | 1 |
_aVan Schaick, George, _d1861-1924 |
|
| 245 | 1 | 4 |
_aThe Peace of Roaring River _h[electronic resource] / _cGeorge Van Schaick |
| 260 |
_bProject Gutenberg, _c2009 |
||
| 506 | _aPublic domain in the USA. | ||
| 516 | _aElectronic text | ||
| 653 | _aFrontier and pioneer life -- Ontario -- Fiction | ||
| 653 | _aCanada -- Fiction | ||
| 700 | 1 |
_aKoerner, W. H. D. _q(William Henry Dethlef), _d1878-1938 |
|
| 830 | 0 |
_aProject Gutenberg _v30349 |
|
| 856 | 4 | 0 | _uhttp://www.gutenberg.org/ebooks/30349 |
| 942 | _cEB | ||
| 999 |
_c259604 _d259604 |
||